Score 0/45 Timer 08:00
0 Plays Today
% Correct
Alex Trebek
85.6%
Jay Leno
82.3%
Johnny Carson
80.8%
Regis Philbin
80.5%
Kelly Ripa
80.3%
Bob Saget
79.3%
Dan Rather
79.1%
Steve Harvey
78.6%
Jimmy Fallon
78.2%
Kathie Lee Gifford
78.1%
Jon Stewart
77.6%
Walter Cronkite
76.8%
Connie Chung
75.8%
Conan O'Brien
73.3%
Trevor Noah
72.1%
Michael Strahan
71.5%
Bill Maher
70.9%
Richard Dawson
70.2%
Katie Couric
68.3%
Ryan Seacrest
66.7%
Tom Bergeron
64.7%
Mary Hart
63.9%
Jack Paar
62.7%
% Correct
John Tesh
62.6%
Alfonso Ribeiro
60.8%
Louie Anderson
59.8%
Bob Schieffer
59.6%
Steve Allen
53.9%
Nancy O'Dell
52.6%
Craig Kilborn
52.4%
Art Fleming
51.1%
Norah O'Donnell
47.9%
Ray Combs
44%
Scott Pelley
43.1%
Daisy Fuentes
42.4%
Douglas Edwards
39.9%
Dixie Whatley
36.8%
Kevin Frazier
34.1%
Bob Goen
31%
Mark Steines
28.6%
Cyndy Garvey
26.2%
Robb Weller
25.1%
Jeff Glor
23.8%
Ann Abernathy
21.7%
John Fugelsang
21.5%
Remove Ads.
Support Sporcle.
Get the best of Sporcle when you Go Orange. This ad-free experience offers more features, more stats, and more fun while also helping to support Sporcle. Thank you for becoming a member.

You're not logged in!

Compare scores with friends on all Sporcle quizzes.
OR
Log In

Show Comments

Extras

Top Quizzes Today


Score Distribution

Your Account Isn't Verified!

In order to create a playlist on Sporcle, you need to verify the email address you used during registration. Go to your Sporcle Settings to finish the process.

Report this User

Report this user for behavior that violates our Community Guidelines.

Details: